| 000 | 01207nam a2200325 i 4500 | ||
|---|---|---|---|
| 003 | EG-ScBUE | ||
| 005 | 20250525124103.0 | ||
| 008 | 090527t2006 njua f b 001 0 eng d | ||
| 020 | _a0132023318 | ||
| 020 | _a9780132023313 | ||
| 040 |
_aEG-ScBUE _beng _erda _cEG-ScBUE _dEG-ScBUE |
||
| 082 | 0 | 4 |
_a533.2 _bJOH _222 |
| 100 | 1 |
_aJohn, James E. A., _eauthor. _95514 |
|
| 245 | 1 | 0 |
_aGas dynamics / _cJames E. John, president, Kettering University Flint, Michigan, Theo G. Keith, Department of Mechanical and Manufacturing Engineering, University of Toledo, Toledo, Ohio. |
| 250 | _aThird edition. | ||
| 250 | _aPearson international edition. | ||
| 264 | 1 |
_aUpper Saddle River, New Jersey : _bPearson Prentice Hall, _c[2006] |
|
| 264 | 4 | _cc2006 | |
| 300 |
_axv, 672 pages : _billustrations, tables ; _c25 cm |
||
| 336 |
_2rdacontent _atext _btxt |
||
| 337 |
_aunmediated _2rdamedia _bn |
||
| 338 |
_avolume _bnc _2rdacarrier |
||
| 500 | _aIncludes Appendices. | ||
| 504 | _aIncludes bibliographical references and index. | ||
| 650 | 7 |
_aGas dynamics. _95515 _2BUEsh |
|
| 653 |
_bENGGEN _bENGPET _cAugust2015 |
||
| 655 | _vReading book | ||
| 700 | 1 |
_aKeith, Theo G., _95516 _eauthor. |
|
| 942 |
_cBB _2ddc |
||
| 999 |
_c8351 _d8351 |
||